| 000 | 00000nam##2200000za#4500 |
| 001 | 9.640846 |
| 003 | CaOODSP |
| 005 | 20210624222853 |
| 007 | cr ||||||||||| |
| 008 | 150407|2008||||xxc|||||o f|0| 0 fre|d |
| 040 | |aCaOODSP|bfre |
| 043 | |an-cn--- |
| 086 | 1 |aE84-35/2008F-PDF |
| 110 | 1 |aCanada.|bDroits et Démocratie (Centre international des droits de la personne et du développement démocratique) |
| 245 | 13|aLe droit à l'alimentation en Haïti : |h[ressource électronique]|brapport d'une mission internationale d'observation / |c[publié avec la collaboration de] Groupe de Recherche et d'Appui au Milieu Rural (GRAMIR). |
| 260 | |aMontréal - Québec : |bDroits et Démocratie (Centre international des droits de la personne et du développement démocratique) |cc2008. |
| 300 | |a90p.|bréférences, photographies |
| 500 | |aL'ISBN (978-2-923539-27-0) de l'édition imprimée a été incorrectement copié dans la version PDF. |
| 590 | |a12-39-Supp|b2012-10-11 |
| 775 | 08|tThe human right to food in Haiti : |w(CaOODSP)9.696738 |
| 856 | 40|ahttp://publications.gc.ca|qPDF|s5.98 Mo|uhttps://publications.gc.ca/collections/collection_2012/dd-rd/E84-35-2008-fra.pdf |